000
00211 a2200097 4500
001
35179
100
_a
N I A
245
_a
Mushahidaat Wa Tasuraat
260
_a
Lahore
_b
Jang Publisher
_c
090
_c
23323
_d
23323
942
_a
NUST-CAE
_c
M
_c
14807
999
_c
270252
_d
270252